Les Démocraties : Institutions, fonctionnement et défis (notice n° 1568040)
[ vue normale ]
| 000 -LEADER | |
|---|---|
| fixed length control field | 01144cam a2200133 4500500 |
| 005 - DATE AND TIME OF LATEST TRANSACTION | |
| control field | 20251214003916.0 |
| 041 ## - LANGUAGE CODE | |
| Language code of text/sound track or separate title | fre |
| 042 ## - AUTHENTICATION CODE | |
| Authentication code | dc |
| 100 10 - MAIN ENTRY--PERSONAL NAME | |
| Personal name | Goujon, Alexandra |
| Relator term | author |
| 245 00 - TITLE STATEMENT | |
| Title | Les Démocraties : Institutions, fonctionnement et défis |
| 260 ## - PUBLICATION, DISTRIBUTION, ETC. | |
| Name of publisher, distributor, etc. | Armand Colin,<br/> |
| Date of publication, distribution, etc. | 2015.<br/> |
| 520 ## - SUMMARY, ETC. | |
| Summary, etc. | Cet ouvrage offre un panorama synthétique, inédit en français, des démocraties de par le monde. Après avoir présenté l’histoire et les théories de la démocratie, il fournit des connaissances précises sur le fonctionnement institutionnel et politique des régimes démocratiques. Il explore les défis contemporains auxquels sont confrontées les démocraties occidentales tout comme les démocraties du Sud, et met en lumière les similarités et les contrastes entre les continents et les États. La mondialisation peut laisser penser que les démocraties sont en voie d’homogénéisation mais, comme le révèle cet ouvrage, bien que fondées sur des principes communs, elles resteront inévitablement diverses. |
| 856 41 - ELECTRONIC LOCATION AND ACCESS | |
| Uniform Resource Identifier | <a href="https://shs.cairn.info/les-democraties--9782200287276?lang=fr&redirect-ssocas=7080">https://shs.cairn.info/les-democraties--9782200287276?lang=fr&redirect-ssocas=7080</a> |
Pas d'exemplaire disponible.




Réseaux sociaux